| 000 | 00372 a2200157 4500 | ||
|---|---|---|---|
| 001 | 177182 | ||
| 020 | _a | ||
| 040 | _cMagnum | ||
| 100 | _aHiratsuka, Lucia | ||
| 240 | 1 | 0 |
_aTanabata: encontro nas estrelas _lpor |
| 245 | 1 | 0 | _aTanabata: encontro nas estrelas |
| 362 | 0 | _a1899 | |
| 440 | 1 | _aEstação Liberdade | |
| 697 | _aMAGNITO: IJ/LENDAS, FOLCLORE | ||
| 942 | _cBK | ||
| 999 |
_c177182 _d177182 |
||